| 000 | 01694cam a22004694i 4500 | ||
|---|---|---|---|
| 003 | PE-LiUPU | ||
| 005 | 20250731173316.0 | ||
| 008 | 150625s2004 xxka r 000 0 spa d | ||
| 020 | _a0311324053 | ||
| 035 | _a(Sirsi) i9780311324057 | ||
| 040 |
_aPE-LiUPU _bspa _cPE-LiUPU _erda |
||
| 049 | _aPRUA | ||
| 082 | 0 | 4 |
_a264.2 _bLP _221 |
| 100 | 1 |
_aMcKinney, James C, _eautor. |
|
| 245 | 1 | 0 |
_aLecciones prácticas para el canto.[3] / _cJames C. McKinney. |
| 250 | _a6a | ||
| 264 | 1 |
_aEl Paso, TX : _bMundo Hispano, _c2004. |
|
| 300 |
_a89 páginas : _bilustraciones ; _c21 centímetros. |
||
| 336 |
_atext _2rdacontent |
||
| 337 |
_aunmediated _2rdamedia |
||
| 338 |
_avolume _2rdacarrier |
||
| 490 | 0 | _aLecciones prácticas | |
| 505 | 0 | _aEl cuidado y la mantención de la Voz. -La forma que está por demostrarse. -Sopla en el aire. -Algo hermoso en un gozo para siempre. -Comunicarse o no comunicarse. -Actividades para el aprendizaje personal. | |
| 526 | _aSEG42 | ||
| 526 | _aSEG41 | ||
| 526 | _aSEG40 | ||
| 526 | _aSEG39 | ||
| 526 | _aP94 | ||
| 526 | _aP87 | ||
| 526 | _aP86 | ||
| 526 | _aP85 | ||
| 526 | _aP77 | ||
| 526 | _aP76 | ||
| 526 | _aP35 | ||
| 541 | _g001-0000131; | ||
| 650 | 0 | 4 |
_aMúsica vocal _vEstudio. |
| 942 |
_2ddc _cBOOK |
||
| 949 |
_a264.2 LP [3] _wDEWEY _c1 _i56444 _lCCODEBUL1 _mBUL _p5.00 _r0 _sY _tBOOK _u2015-6-25 _xTEOLOGIA _zUNKNOWN _0COMPRA _o.STAFF. Colección General |
||
| 994 |
_aC0 _bPEPRU |
||
| 596 | _a1 | ||
| 999 |
_a264.2 LP [3] _wDEWEY _c45687 _i56444 _d45687 _f2021-11-10 _g5 _lCCODEBUL1 _mBUL _p5.00 _q1 _r0 _sY _tBOOK _u2015-6-25 _xTEOLOGIA _zUNKNOWN _0COMPRA _o.STAFF. Colección Teología |
||
| 980 |
_81 _gALBERTO SANCHEZ Responsable de Automatización |
||